Investigación sobre la naturaleza y causas de la riqueza de las naciones / (Registro nro. 15518)
[ vista simple ]
| 000 -LEADER | |
|---|---|
| fixed length control field | 01992nam a22003257a 4500 |
| 003 - CONTROL NUMBER IDENTIFIER | |
| control field | OSt |
| 005 - DATE AND TIME OF LATEST TRANSACTION | |
| control field | 20210406142910.0 |
| 008 - FIXED-LENGTH DATA ELEMENTS--GENERAL INFORMATION | |
| fixed length control field | 210406s1958 mx ||||gr|||| 00| 0 spa d |
| 020 ## - INTERNATIONAL STANDARD BOOK NUMBER | |
| International Standard Book Number | 9789681602109 |
| 040 ## - CATALOGING SOURCE | |
| Original cataloging agency | CO-JMCR |
| Transcribing agency | CO-JMCR |
| 041 1# - LANGUAGE CODE | |
| Language code of text/sound track or separate title | spa |
| Language code of original | eng |
| 082 04 - DEWEY DECIMAL CLASSIFICATION NUMBER | |
| Classification number | 330.153 / |
| Item number | S642i |
| Edition number | 23 |
| 100 1# - MAIN ENTRY--PERSONAL NAME | |
| Personal name | Smith, Adam, |
| Relator term | autor |
| 9 (RLIN) | 1565 |
| 245 10 - TITLE STATEMENT | |
| Title | Investigación sobre la naturaleza y causas de la riqueza de las naciones / |
| Statement of responsibility, etc. | Adam Smith ; edición de Edwin Cannan ; introducción de Max Lerner ; traducción de Gabriel Franco |
| 250 ## - EDITION STATEMENT | |
| Edition statement | Segunda edición |
| 260 ## - PUBLICATION, DISTRIBUTION, ETC. | |
| Place of publication, distribution, etc. | México : |
| Name of publisher, distributor, etc. | Fondo de cultura económica, |
| Date of publication, distribution, etc. | 1958 |
| 300 ## - PHYSICAL DESCRIPTION | |
| Extent | lxxvi, 917 páginas ; |
| Dimensions | 24 cm. |
| 490 0# - SERIES STATEMENT | |
| Series statement | Economía |
| 500 ## - GENERAL NOTE | |
| General note | Incluye índice analítico y bibliográfico y notas a pie de página. |
| 500 ## - GENERAL NOTE | |
| General note | Título original: The Wealth of Nations |
| 505 0# - FORMATTED CONTENTS NOTE | |
| Formatted contents note | De las causas del progreso en las facultades productivas del trabajo y del modo como un producto se distribuye naturalmente entre las diferentes clases de pueblo -- Sobre la naturaleza, acumulación y empleo del capital -- De los diferentes progresos de la opulencia en distintas naciones -- De los sistemas de economía política -- De los ingresos del Soberano o de la República |
| 520 3# - SUMMARY, ETC. | |
| Summary, etc. | De los años transcurridos desde que apareció por primera vez investigación sobre la naturaleza y causas de la riqueza de las naciones (1776), sus argumentos no han perdido del todo su valor al ser aplicados a muchos de los problemas actuales. Su autor nació en el umbral de una nueva época y su texto es la expresión de las fuerzas que entonces actuaban para moderar una nueva y terrible especie: el homo oeconomicus, el hombre económico del mundo moderno. |
| 546 ## - LANGUAGE NOTE | |
| Language note | Traducido del inglés. |
| 650 14 - SUBJECT ADDED ENTRY--TOPICAL TERM | |
| Topical term or geographic name entry element | Riqueza |
| General subdivision | Teoría |
| 9 (RLIN) | 36627 |
| 650 14 - SUBJECT ADDED ENTRY--TOPICAL TERM | |
| Topical term or geographic name entry element | Capitalismo |
| 9 (RLIN) | 36628 |
| 700 1# - ADDED ENTRY--PERSONAL NAME | |
| Personal name | Cannan, Edwin, |
| Relator term | editor |
| 9 (RLIN) | 4963 |
| 700 ## - ADDED ENTRY--PERSONAL NAME | |
| Personal name | Lerner, Max, |
| Relator term | introducción |
| 9 (RLIN) | 5967 |
| 700 ## - ADDED ENTRY--PERSONAL NAME | |
| Personal name | Franco, Gabriel, |
| Relator term | traductor |
| 9 (RLIN) | 5968 |
| 942 ## - ADDED ENTRY ELEMENTS (KOHA) | |
| Source of classification or shelving scheme | Dewey Decimal Classification |
| Koha item type | Books |
| Withdrawn status | Lost status | Source of classification or shelving scheme | Damaged status | Not for loan | Collection code | Home library | Current library | Date acquired | Source of acquisition | Total Checkouts | Total Renewals | Full call number | Barcode | Date last seen | Date last checked out | Copy number | Price effective from | Koha item type |
|---|---|---|---|---|---|---|---|---|---|---|---|---|---|---|---|---|---|---|
| Dewey Decimal Classification | Non-fiction | Biblioteca Pública José María del Castillo y Rada | Biblioteca Pública José María del Castillo y Rada | 10/02/2020 | Donación | 2 | 2 | 330.153 / S642i | 201811021 | 05/16/2024 | 03/03/2023 | Ej.1 | 04/06/2021 | Books |